| 000 | 00995nam a2200169Ia 4500 | ||
|---|---|---|---|
| 008 | 090711s9999 xx 000 0 und d | ||
| 082 | _b148 | ||
| 100 | _aकदम अमर / सुर्यवंशी रघुनंदन / वैद्य अमरेंद्र | ||
| 245 | _aब्रम्हराक्षस/ बाहुलीतले भूत / माया सरोवर | ||
| 260 |
_bअमोल प्रकाशन _c1998 |
||
| 300 | _a16+16+16 | ||
| 600 | _aकदम अमर / सुर्यवंशी रघुनंदन / वैद्य अमरेंद्र | ||
| 630 | _aब्रम्हराक्षस/ बाहुलीतले भूत / माया सरोवर | ||
| 700 | _aकदम अमर / सुर्यवंशी रघुनंदन / वैद्य अमरेंद्र | ||
| 730 | _aब्रम्हराक्षस/ बाहुलीतले भूत / माया सरोवर | ||
| 942 | _cBOOK | ||
| 999 |
_c328307 _d328307 |
||